Advanced Introduction To Bounded Rationality (Record no. 43450)
[ view plain ]
| 000 -LEADER | |
|---|---|
| fixed length control field | 01282cam a2200385 i 4500 |
| 001 - CONTROL NUMBER | |
| control field | 22835309 |
| 005 - DATE AND TIME OF LATEST TRANSACTION | |
| control field | 20250327153439.0 |
| 008 - FIXED-LENGTH DATA ELEMENTS--GENERAL INFORMATION | |
| fixed length control field | 221019t20232023enka b 001 0 eng d |
| 010 ## - LIBRARY OF CONGRESS CONTROL NUMBER | |
| LC control number | 2022948407 |
| 016 7# - NATIONAL BIBLIOGRAPHIC AGENCY CONTROL NUMBER | |
| Record control number | 020808371 |
| Source | Uk |
| 020 ## - INTERNATIONAL STANDARD BOOK NUMBER | |
| International Standard Book Number | 1800377835 |
| 020 ## - INTERNATIONAL STANDARD BOOK NUMBER | |
| International Standard Book Number | 9781800377837 |
| 020 ## - INTERNATIONAL STANDARD BOOK NUMBER | |
| International Standard Book Number | 9781800377851 |
| 020 ## - INTERNATIONAL STANDARD BOOK NUMBER | |
| International Standard Book Number | 1800377851 |
| 035 ## - SYSTEM CONTROL NUMBER | |
| System control number | (OCoLC)on1340031451 |
| 042 ## - AUTHENTICATION CODE | |
| Authentication code | lccopycat |
| 082 04 - DEWEY DECIMAL CLASSIFICATION NUMBER | |
| Classification number | 330.019 TIS |
| 100 1# - MAIN ENTRY--PERSONAL NAME | |
| Author | Tisdell, Clement A. |
| 245 10 - TITLE STATEMENT | |
| Title | Advanced Introduction To Bounded Rationality |
| 260 ## - PUBLICATION, DISTRIBUTION, ETC. | |
| Place | Uk |
| Publisher | Edward Elgar Pub. |
| Publication Year | 2023 |
| 300 ## - PHYSICAL DESCRIPTION | |
| Extent | 145 pages : |
| Other physical details | illustrations ; |
| Dimensions | 22 cm. |
| 504 ## - BIBLIOGRAPHY, ETC. NOTE | |
| Bibliography, etc. note | Includes bibliographical references and index. |
| 650 #0 - SUBJECT ADDED ENTRY--TOPICAL TERM | |
| Subject | Rational expectations (Economic theory) |
| 650 #0 - SUBJECT ADDED ENTRY--TOPICAL TERM | |
| Subject | Economics |
| 650 #7 - SUBJECT ADDED ENTRY--TOPICAL TERM | |
| Subject | Economics |
| 650 #7 - SUBJECT ADDED ENTRY--TOPICAL TERM | |
| Subject | Rational expectations (Economic theory) |
| 942 ## - ADDED ENTRY ELEMENTS (KOHA) | |
| Koha item type | Books |
| 264 #1 - PRODUCTION, PUBLICATION, DISTRIBUTION, MANUFACTURE, AND COPYRIGHT NOTICE | |
| Place of production, publication, distribution, manufacture | Cheltenham, UK ; |
| -- | Northampton : |
| Name of producer, publisher, distributor, manufacturer | Edward Elgar Publishing, |
| Date of production, publication, distribution, manufacture, or copyright notice | 2023. |
| 264 #4 - PRODUCTION, PUBLICATION, DISTRIBUTION, MANUFACTURE, AND COPYRIGHT NOTICE | |
| Date of production, publication, distribution, manufacture, or copyright notice | ©2023 |
| 336 ## - CONTENT TYPE | |
| Content type term | text |
| Source | rdacontent |
| 337 ## - MEDIA TYPE | |
| Media type term | unmediated |
| Source | rdamedia |
| 338 ## - CARRIER TYPE | |
| Carrier type term | volume |
| Source | rdacarrier |
| 906 ## - LOCAL DATA ELEMENT F, LDF (RLIN) | |
| a | 7 |
| b | cbc |
| c | copycat |
| d | 2 |
| e | ncip |
| f | 20 |
| g | y-gencatlg |
| Withdrawn status | Lost status | Source of classification or shelving scheme | Damaged status | Not for loan | Home library | Current library | Shelving location | Accession Date | Vendor | Price | Bill number | Total Checkouts | Full call number | Barcode No | Date last seen | Discount | Bill Date | Koha item type | Suggested By |
|---|---|---|---|---|---|---|---|---|---|---|---|---|---|---|---|---|---|---|---|
| Dewey Decimal Classification | IMTN | IMTN | Rack 7-A | 03/24/2025 | Raghav Books Private Limited | 1919.93 | 2374 | 330.019 TIS | 33741 | 03/27/2025 | 33 | 02/14/2025 | Books | Dr. Veena Pailwar |